000 01014cam a22003131 4500
001 12156
003 BD-RjUL
005 20211208235238.0
008 140128s1925 nyuab b 001 0 eng
035 _a(BD-RjUL)12205
035 _a(OCoLC)2361695
040 _aDLC
_cOKentU
_dOCoLC
_dDLC
_dBD-RjUL
_beng
041 1 _aengund
082 _a575.8
_bPEE 1925
100 1 _aPerrier, Edmond.
_d1844-1921.
_937638
245 1 4 _aThe earth before history :
_bman's origin and the origin of life,
_cby Edmond Perrier.
260 _aNew York;
_aLondon :
_bA.A. Knopf,
_c1925.
300 _axxiv, 345 p. :
_billus. (maps) ;
_c25 cm.
490 0 _aThe History of civilization
500 _a"Printed in Great Britain."
500 _a"Translated by Paul Radin ... and V.C.C. Collum."
504 _aIncludes Bibliography and index.
650 0 _aEvolution.
_937639
650 0 _aLife
_xOrigin.
_94249
650 0 _aHuman beings
_xOrigin.
_93799
942 _2ddc
_cBK
999 _c12156
_d12156